书目信息 |
| 题名: |
考研英语完型填空与填空式阅读
|
|
| 作者: | 张销民 编著 | |
| 分册: | ||
| 出版信息: | 北京 中国物资出版社 2005.05 |
|
| 页数: | Ⅳ, 177页 | |
| 开本: | 26cm | |
| 丛书名: | 考研第一时间系列考研丛书 | |
| 单 册: | ||
| 中图分类: | H31 | |
| 科图分类: | ||
| 主题词: | 英语--ying yu--研究生--入学考试--升学参考资料 | |
| 电子资源: | ||
| ISBN: | 7-5047-2348-7 | |
| 000 | 01418nam 2200301 450 | |
| 001 | 012006473247 | |
| 005 | 20070530111545.64 | |
| 010 | @a7-5047-2348-7@dCNY18.00 | |
| 100 | @a20061224d2005 km y0chiy0120 ea | |
| 101 | 0 | @achi@aeng |
| 102 | @aCN@b110000 | |
| 105 | @aa q 000yy | |
| 200 | 1 | @a考研英语完型填空与填空式阅读@Akao yan ying yu wan xing tian kong yu tian kong shi yue du@f张销民编著@Fzhang xiao min bian zhu |
| 210 | @a北京@c中国物资出版社@d2005.05 | |
| 215 | @aⅣ, 177页@c图@d26cm | |
| 225 | 2 | @a考研第一时间系列考研丛书@Akao yan di yi shi jian xi lie kao yan cong shu |
| 225 | 2 | @a新东方大愚英语学习丛书@Axin dong fang da yu ying yu xue xi cong shu |
| 300 | @a新东方考研英语培训教材 | |
| 314 | @a张销民,男,2002年初加盟新东方,北京大学英语语言文学学士。受韩国政府资助,赴韩国汉阳大学亚太研究院主修亚太区域研究,获硕士学位。曾在联合国短期工作。 | |
| 330 | @a本书包括完型填空命题分析与解题方法、1994~2005年考研英语完形填空真题解析、完形填空模拟试题、考研英语完形填空常考固定词组、填空式阅读命题分析与解题方法、填空式阅读真题和样题解析、填空式阅读模拟试题。 | |
| 333 | @a参加考研的学生,新东方考研 英语培训教材。 | |
| 410 | 0 | @12001 @a考研第一时间系列考研丛书 |
| 410 | 0 | @12001 @a新东方大愚英语学习丛书 |
| 606 | 0 | @a英语@Aying yu@x研究生@x入学考试@j升学参考资料 |
| 690 | @aH31@v4 | |
| 701 | 0 | @a张销民@Azhang xiao min@4编著 |
| 801 | 0 | @aCN@c20070530 |
| 905 | @b233182-84@dH31@eZ214 | |
| 考研英语完型填空与填空式阅读/张销民编著.-北京:中国物资出版社,2005.05 |
| Ⅳ, 177页:图;26cm.-(考研第一时间系列考研丛书).-(新东方大愚英语学习丛书) |
| 新东方考研英语培训教材.-使用对象:参加考研的学生,新东方考研 英语培训教材。 |
| ISBN 7-5047-2348-7:CNY18.00 |
| 本书包括完型填空命题分析与解题方法、1994~2005年考研英语完形填空真题解析、完形填空模拟试题、考研英语完形填空常考固定词组、填空式阅读命题分析与解题方法、填空式阅读真题和样题解析、填空式阅读模拟试题。 |
| ● |
| 相关链接 |
|
|
|
正题名:考研英语完型填空与填空式阅读
索取号:H31/Z214
 
预约/预借
| 序号 | 登录号 | 条形码 | 馆藏地/架位号 | 状态 | 备注 |
| 1 | 233182 | 202331823 | 语言库209/209语言库 90排4列2层/ [索取号:H31/Z214] | 在馆 | |
| 2 | 233183 | 202331832 | 语言库209/ [索取号:H31/Z214] | 在馆 | |
| 3 | 233184 | 202331841 | 语言库209/209语言库 90排4列2层/ [索取号:H31/Z214] | 在馆 |